000 00437 a2200145 4500
001 ART_2074
005 20260410161722.0
008 260409a
245 1 0 _aContabilidad, litigios y demandas
100 1 _aBarnickol, Karl R.
700 1 _aRoss, Allan John
700 1 _aSchowalter, Ronald O.
700 1 _aWalters, Michael J.
773 0 _tAdministración de empresas
_g- Año XVII, Nº 202 (ene. 1987)
_wREV2036
999 _c17091
_d17091